Days and nights of love and war / (Record no. 148085)

MARC details
000 -LEADER
fixed length control field 00706nam a22002057a 4500
005 - DATE AND TIME OF LATEST TRANSACTION
control field 20171220152645.0
010 ## - LCCN (DPL NO)
LC control number ENG-121925
020 ## - INTERNATIONAL STANDARD BOOK NUMBER
International Standard Book Number 9788189833701
Terms of availability 225.00
035 ## - SYSTEM CONTROL NUMBER
System control number EN-105457
037 ## - SOURCE OF ACQUISITION
Source of stock number/acquisition DBAD/PUB
082 ## - DEWEY DECIMAL CLASSIFICATION NUMBER
Classification number 897.08
100 ## - MAIN ENTRY--PERSONAL NAME
Personal name Galeano, Eduardo
245 ## - TITLE STATEMENT
Title Days and nights of love and war /
Statement of responsibility, etc by Edurado Galeano ;translated by Judith Brister
Remainder of title In defense of the world translated by Bobbye S. Ortiz
260 ## - PUBLICATION, DISTRIBUTION, ETC. (IMPRINT)
Place of publication, distribution, etc Delhi
Name of publisher, distributor, etc Aakar Books
Date of publication, distribution, etc 2009
270 ## - ADDRESS
Address 28E Pocket IV, Mayur Vihar Phase I,
City Delhi
Postal code 110091
300 ## - PHYSICAL DESCRIPTION
Extent 178p.
Dimensions 27cm(pbk)
700 ## - ADDED ENTRY--PERSONAL NAME
Personal name translated by Judith Brister
710 ## - ADDED ENTRY--CORPORATE NAME
Corporate name or jurisdiction name as entry element translated by Bobbye S. Ortiz
942 ## - ADDED ENTRY ELEMENTS (KOHA)
Source of classification or shelving scheme Dewey Decimal Classification
Item type English Books
Classification part 897.08
Call number suffix GAL
Holdings
Withdrawn status Lost status Not for loan Collection code Home library Current library Date acquired Source of acquisition Cost, normal purchase price Full call number Barcode Copy number Cost, replacement price Koha item type
    Not For Loan Non-fiction D.B.Act.Division Bawana 20/12/2017 DBAD/PUB 225.00 897.08 GAL EN-105457 1 225.00 English Books

© Delhi Public Library
Hit Counter
free hit counter